000 00630ntaaa2200217 4500
003 01
005 20251027202022.0
008 0714s1973 ag 01
020 _a0881133639
040 _aAR-BaBN
_bspa
_cAR-BaBN
_eaacr
_dRIC
082 _a248.4200 Sw6t
100 _aSwindoll, Charles R
_96605
245 _aTres pasos adelante dos para atrĂ¡s
250 _a1 ed.
260 _aCaparra Terrace, Puerto Rico :
_bEditorial Betania,
_cc1983
300 _a171 p ;
_c20 cm
500 _aSe trata de la perseverancia en la vida cristiana
650 _avida cristiana
650 _aperseverancia de los santos
_914552
942 _cBK
999 _c14957
_d14957